Statistics for ソウル25区

Click here to take the quiz!

General Stats

  • This quiz has been taken 10 times
  • The average score is 8 of 25

Answer Stats

コード% Correct
11230江南区
100%
11020中区
67%
11250江東区
50%
11030龍山区
50%
11060東大門区
50%
11080城北区
50%
11160江西区
50%
11220瑞草区
33%
11170九老区
33%
11140麻浦区
33%
11130西大門区
33%
11050広津区
33%
11090江北区
33%
11040城東区
33%
11120恩平区
17%
11110廬原区
17%
11150陽川区
17%
11070中浪区
17%
11190永登浦区
17%
11200銅雀区
17%
11210冠岳区
17%
11240松坡区
17%
11100道峰区
0%
11180衿川区
0%
11010鐘路区
0%

Score Distribution

Percentile by Number Answered

Percent of People with Each Score

Your Score History

You have not taken this quiz